Optimización industrial (I): distribución de los recursos / Eduardo A. Arbones Malisani (Registro nro. 15345)

Detalles MARC
000 -LÍDER
fixed length control field 00522nam a2200157 4500
008 - ELEMENTOS DE LONGITUD FIJA -- INFORMACIÓN GENERAL
fixed length control field 0 1989 0an 000 0ESP
020 ## - NÚMERO INTERNACIONAL NORMALIZADO PARA LIBROS
ISBN 84-267-0739-4
050 ## - SIGNATURA TOPOGRAFICA DE LA BIBLIOTECA DEL CONGRESO (LC)
Número de Clasificación T57 A73 1989
082 ## - NUMERO DE CLASIFICACION DECIMAL DEWEY
Número de Clasificación 658.403.2 A766o
100 ## - ASIENTO PRINCIPAL--NOMBRE PERSONAL
Nombre personal Arbones Malisani, Eduardo A.
245 ## - TÍTULO
Título Optimización industrial (I): distribución de los recursos / Eduardo A. Arbones Malisani
260 ## - PUBLICACIÓN, DISTRIBUCIÓN, ETC. (PIE DE IMPRENTA)
Lugar de publicación, distribución, etc. España : Marcombo
300 ## - DESCRIPCIÓN FÍSICA
Extensión 124 p. / 25 cm.
440 ## -
-- Prodúctica 26
650 ## - ASIENTO SECUNDARIO DE MATERIA - TERMINO TEMÁTICO
Término temático o nombre geográfico como elemento de entrada 1.OPTIMIZACION MATEMATICA \ 2.TRABAJO-PRODUCTIVIDAD
Existencias
No. biblioteca No. biblioteca Número de clasificación Código de barras/Número de adquisición Número de copia Tipo de material
LUIS G. INCLAN LUIS G. INCLAN 658.403.2 A766o 40081 6 Libros
LUIS G. INCLAN LUIS G. INCLAN 658.403.2 A766o 40082 7 Libros
LUIS G. INCLAN LUIS G. INCLAN 658.403.2 A766o 40083 8 Libros
LUIS G. INCLAN LUIS G. INCLAN 658.403.2 A766o 40084 9 Libros
LUIS G. INCLAN LUIS G. INCLAN 658.403.2 A766o 37574 2 Libros
LUIS G. INCLAN LUIS G. INCLAN 658.403.2 A766o 37575 3 Libros
LUIS G. INCLAN LUIS G. INCLAN 658.403.2 A766o 37576 4 Libros
LUIS G. INCLAN LUIS G. INCLAN 658.403.2 A766o 37577 5 Libros
LUIS G. INCLAN LUIS G. INCLAN 658.403.2 A766o 42613 10 Libros
LUIS G. INCLAN LUIS G. INCLAN 658.403.2 A766o 42614 11 Libros
LUIS G. INCLAN LUIS G. INCLAN 658.403.2 A766o 42615 12 Libros
LUIS G. INCLAN LUIS G. INCLAN 658.403.2 A766o 45840 13 Libros
LUIS G. INCLAN LUIS G. INCLAN 658.403.2 A766o 45841 14 Libros
LUIS G. INCLAN LUIS G. INCLAN 658.403.2 A766o 45842 15 Libros
LUIS G. INCLAN LUIS G. INCLAN 658.403.2 A766o 46943 16 Libros
Calzada Tecnológico # 27, Zacatepec, Morelos.
01(734) 343-07-23 / 343-21-10 / 343-21-11
Apdo. Postal 45 C.P 62780